[Event "21st Heart of Finland"]
[Site "Jyvaskyla FIN"]
[Date "2011.07.11"]
[Round "1"]
[White "Kanep,M"]
[Black "Kiuttu,R"]
[Result "1/2-1/2"]
[WhiteElo "2531"]
[BlackElo "2283"]
[EventDate "2011.07.11"]

1. d4 d5 2. c4 e6 3. Nc3 Be7 4. Nf3 Nf6 5. Bg5 h6 6. Bh4 O-O 7. e3 b6 8. g4
Nbd7 9. Rg1 Bb7 10. Bxf6 Nxf6 11. g5 hxg5 12. Nxg5 dxc4 13. Qc2 c5 14.
O-O-O Qc7 15. Bh3 Qxh2 16. Rg3 Bd6 17. Nf3 Bxf3 18. Rxf3 cxd4 19. exd4 Bf4+
20. Kb1 Bh6 21. Ne2 Qc7 22. Rg1 Nd5 23. Qe4 Qc6 24. Qh4 Kh7 25. Rfg3 Rg8
26. Bg2 f5 27. Rg6 Qe8 28. Bxd5 exd5 29. Qh5 Qe4+ 30. Ka1 Rae8 31. Rxh6+
gxh6 32. Qf7+ Kh8 33. Qf6+ Kh7 1/2-1/2

[Event "21st Heart of Finland"]
[Site "Jyvaskyla FIN"]
[Date "2011.07.11"]
[Round "1"]
[White "Rantanen,Y"]
[Black "Pudas,T"]
[Result "1/2-1/2"]
[WhiteElo "2382"]
[BlackElo "2228"]
[EventDate "2011.07.11"]

1. d4 d5 2. c4 dxc4 3. Nf3 Nf6 4. e3 e6 5. Bxc4 a6 6. O-O c5 7. Qe2 b5 8.
Bd3 Bb7 9. Rd1 Nbd7 10. dxc5 Bxc5 11. a4 b4 12. Nbd2 O-O 13. b3 Qe7 14. Bb2
Nd5 15. Rac1 Ba7 16. Rc4 Nc5 17. Bc2 a5 18. Ne5 f5 19. Qh5 Rf6 20. Qh4 Rc8
21. g4 Bb8 22. Ndf3 Rff8 23. g5 Ba6 24. g6 h6 25. Qh3 Bxc4 26. bxc4 Nb6 27.
Nf7 Rxf7 28. gxf7+ Qxf7 29. Ne5 Bxe5 30. Bxe5 Nxc4 31. Bd4 Na3 32. Rd2 b3
33. Bd1 Ne4 34. Rd3 Rd8 35. Rxb3 Nc4 36. Bh5 Qd7 37. Be2 Ncd2 38. Rb5 Qc6
39. Qh5 Ng5 40. Rc5 Qe4 41. f4 Ngf3+ 42. Kf2 Nxd4 43. Rc7 Kh8 44. Rd7 Qa8
45. Rxd4 Rxd4 46. exd4 Ne4+ 47. Ke3 Qc8 1/2-1/2

[Event "21st Heart of Finland"]
[Site "Jyvaskyla FIN"]
[Date "2011.07.11"]
[Round "1"]
[White "Kiltti,J"]
[Black "Novik,Ma"]
[Result "0-1"]
[WhiteElo "2254"]
[BlackElo "2478"]
[EventDate "2011.07.11"]

1. c4 Nf6 2. Nc3 d5 3. cxd5 Nxd5 4. e4 Nxc3 5. dxc3 Qxd1+ 6. Kxd1 e5 7. Be3
Nd7 8. Nf3 Bc5 9. Kd2 Ke7 10. Bc4 Rd8 11. Ke2 Bxe3 12. Kxe3 Nb6 13. Bb3 f6
14. g4 a5 15. a4 Be6 16. Bxe6 Kxe6 17. b3 Nd7 18. Rhd1 Ke7 19. g5 Nc5 20.
gxf6+ gxf6 21. Rxd8 Rxd8 22. b4 Ne6 23. bxa5 Nc5 24. Ne1 Nb3 25. Rb1 Nxa5
26. Nd3 b6 27. Rg1 Nc4+ 28. Ke2 Kf7 29. f4 Ra8 30. fxe5 fxe5 31. Ra1 Ke6
32. Nb4 Rd8 33. Nd3 Rg8 34. Ne1 Rg1 35. Kf2 Rg4 36. Nf3 Kf6 37. Re1 Nb2 38.
Ke3 Nxa4 39. Kd3 Nc5+ 40. Ke3 0-1

[Event "21st Heart of Finland"]
[Site "Jyvaskyla FIN"]
[Date "2011.07.11"]
[Round "1"]
[White "Nyysti,S"]
[Black "Franssila,T"]
[Result "1-0"]
[WhiteElo "2348"]
[BlackElo "2213"]
[EventDate "2011.07.11"]

1. e4 c5 2. Nf3 d6 3. d4 cxd4 4. Nxd4 Nf6 5. Nc3 a6 6. Be3 e5 7. Nb3 Be7 8.
h3 Be6 9. Qf3 b5 10. a4 b4 11. Nd5 Nxd5 12. exd5 Bd7 13. Bd3 f5 14. Qe2 O-O
15. a5 Qc8 16. Bd2 Qb7 17. g4 e4 18. Bc4 Bh4 19. O-O-O Qc8 20. Bxb4 fxg4
21. hxg4 Bxg4 22. Qxe4 Rxf2 23. Bd3 Bg5+ 24. Kb1 Bf5 25. Qe1 Rf4 26. Bxd6
Bxd3 27. Rxd3 Rf7 28. Rc3 Qd8 29. Qe6 Nd7 30. Rxh7 Kxh7 31. Qxf7 Nf6 32.
Rh3+ Bh6 33. Bf4 Ng8 34. Qf5+ Kh8 35. d6 Ra7 36. Nd4 Qe8 37. Ne6 Rf7 38.
Qg6 Qb5 39. Qxf7 Qf1+ 40. Ka2 Qxh3 41. Bxh6 Qxh6 42. d7 1-0

[Event "21st Heart of Finland"]
[Site "Jyvaskyla FIN"]
[Date "2011.07.11"]
[Round "1"]
[White "Agopov,M"]
[Black "Valli,F"]
[Result "1/2-1/2"]
[WhiteElo "2443"]
[BlackElo "2242"]
[EventDate "2011.07.11"]

1. e4 e5 2. Nf3 Nc6 3. Bb5 a6 4. Ba4 Nf6 5. O-O b5 6. Bb3 Bc5 7. c3 d6 8.
d3 O-O 9. Bg5 h6 10. Bh4 g5 11. Bg3 Bb6 12. d4 Qe8 13. Qd3 Bb7 14. Re1 Na5
15. Bc2 Nxe4 16. dxe5 d5 17. b3 Rd8 18. Nd4 f5 19. exf6 c5 20. b4 cxd4 21.
bxa5 Bxa5 22. Qxd4 Qc6 23. a4 Bb6 24. axb5 axb5 25. Qd3 Qxf6 26. Na3 Bxf2+
27. Bxf2 Qxf2+ 28. Kh1 d4 29. cxd4 Qxe1+ 30. Rxe1 Nf2+ 31. Kg1 Nxd3 32.
Bxd3 Rxd4 33. Bxb5 Ra8 34. Nc2 Rd2 35. Ne3 Ra5 36. Re2 Rxe2 37. Bxe2 Ra1+
38. Kf2 Ra2 39. Kf1 Ba6 40. Bxa6 Rxa6 41. Kf2 Kg7 42. h4 Kf6 43. hxg5+ hxg5
44. Kf3 Ra4 45. Ng4+ Kf5 46. Ne3+ Ke5 47. Ng4+ Kd4 48. Nf6 Ke5 49. Ng4+ Ke6
50. Ne3 Rf4+ 51. Kg3 Ke5 52. Ng4+ Ke4 53. Kh3 Kd3 54. Kg3 Ke2 55. Ne5 Rf5
56. Nf3 Kf1 57. Kg4 Kxg2 58. Kxf5 Kxf3 59. Kxg5 1/2-1/2

[Event "21st Heart of Finland"]
[Site "Jyvaskyla FIN"]
[Date "2011.07.11"]
[Round "1"]
[White "Jarvenpaa,J"]
[Black "Yrjola,J"]
[Result "1-0"]
[WhiteElo "2214"]
[BlackElo "2366"]
[EventDate "2011.07.11"]

1. e4 c5 2. c3 Nf6 3. e5 Nd5 4. Nf3 Nc6 5. Bc4 Nb6 6. Bb3 c4 7. Bc2 Qc7 8.
Qe2 g5 9. h3 Bg7 10. O-O Nxe5 11. Nxg5 d5 12. f4 Nd3 13. Bxd3 cxd3 14. Qh5
e6 15. f5 e5 16. b3 h6 17. Ne6 Bxe6 18. fxe6 O-O 19. Ba3 fxe6 20. Bxf8 Rxf8
21. Rxf8+ Kxf8 22. Qf3+ Kg8 23. Qxd3 e4 24. Qe3 Nd7 25. Na3 Nc5 26. Nc2 e5
27. Rf1 Qd6 28. Qf2 d4 29. Qf7+ Kh8 30. cxd4 exd4 31. b4 Ne6 32. Qxb7 Qe5
33. Re1 e3 34. Qf3 Ng5 35. Qg4 Ne4 36. dxe3 d3 37. Nd4 Nd6 38. Qf3 Nc4 39.
Nf5 d2 40. Rd1 Bf8 41. Nh4 1-0

[Event "21st Heart of Finland"]
[Site "Jyvaskyla FIN"]
[Date "2011.07.11"]
[Round "1"]
[White "Nieminen,K"]
[Black "Kuzevanova,E"]
[Result "1/2-1/2"]
[WhiteElo "2169"]
[BlackElo "2096"]
[EventDate "2011.07.11"]

1. e4 c5 2. Nc3 Nc6 3. Nf3 Nf6 4. Bb5 d6 5. O-O Bd7 6. Bxc6 Bxc6 7. e5 dxe5
8. Nxe5 Qc7 9. Re1 e6 10. Nxc6 Qxc6 11. d3 Be7 12. a4 O-O 13. Bf4 Rad8 14.
Qe2 Rd7 15. Be5 Rfd8 16. b3 b6 17. Ne4 Nxe4 18. Qxe4 Qxe4 19. Rxe4 a6 20.
Kf1 f6 21. Bc3 e5 22. g4 Kf7 23. h3 Bd6 24. Ke2 Bc7 25. Bd2 g6 26. Bc3 Re8
27. Rg1 Rde7 28. Kf3 Ke6 29. Bd2 Kd5 30. Ke2 Kc6 31. b4 f5 32. gxf5 gxf5
33. Rh4 e4 34. Rh6+ Kd5 35. bxc5 bxc5 36. c4+ Kd4 37. Rh4 f4 38. dxe4 Rxe4+
39. Kf3 Kxc4 40. Rc1+ Kd5 41. Rxh7 Bd6 42. Rh5+ Kc6 43. Bc3 Rxa4 44. h4 Ra3
45. Kg4 f3 46. Rf5 Re4+ 47. Kh5 Bf4 48. Rf6+ Kb5 49. Rb1+ Kc4 50. Ba1 Ra2
51. Rf1 Kd3 52. Kg6 c4 53. h5 c3 54. h6 Be5 55. Rf5 Kd2 56. Rh1 Bd4 57. Rd5
Ke2 58. Rxd4 Rxd4 59. Bxc3 Rd8 60. h7 Kxf2 61. Rh2+ Kg3 62. Rxa2 f2 63. Ra1
Kg2 64. Ra2 Kg3 65. Be5+ Kf3 66. Ra1 Kg2 67. Bf6 Rc8 68. Ra2 Kf3 69. Ra3+
Ke2 70. Ra2+ Kf3 71. Ra1 Ke2 72. Ra2+ 1/2-1/2

[Event "21st Heart of Finland"]
[Site "Jyvaskyla FIN"]
[Date "2011.07.11"]
[Round "1"]
[White "Miednikova,S"]
[Black "Meskanen,V"]
[Result "1-0"]
[WhiteElo "2174"]
[BlackElo "2106"]
[EventDate "2011.07.11"]

1. e4 c5 2. Nf3 d6 3. Bb5+ Nd7 4. c3 a6 5. Ba4 e6 6. d4 cxd4 7. cxd4 Ngf6
8. Nc3 b5 9. Bc2 Bb7 10. Qe2 Rc8 11. O-O Be7 12. Rd1 Qc7 13. a3 O-O 14. Bg5
h6 15. Bh4 e5 16. Rac1 Rfe8 17. d5 Qa5 18. Nb1 Nf8 19. b4 Qb6 20. Bd3 Ng6
21. Bg3 Nf4 22. Qd2 g5 23. Bxf4 exf4 24. h3 Nd7 25. Rxc8 Rxc8 26. Rc1 Rxc1+
27. Qxc1 Bf6 28. Nbd2 Qd8 29. Nb3 Nb6 30. Nfd4 Na4 31. Nc6 Qc7 32. Nba5 Bb2
33. Qb1 Bc8 34. Bc2 Bxa3 35. Bxa4 bxa4 36. Nc4 Bd7 37. Nxa3 Bxc6 38. Qc2
1-0

[Event "21st Heart of Finland"]
[Site "Jyvaskyla FIN"]
[Date "2011.07.11"]
[Round "1"]
[White "Grinberg,I"]
[Black "Lauk,U"]
[Result "1/2-1/2"]
[WhiteElo "2228"]
[BlackElo "2403"]
[EventDate "2011.07.11"]

1. d4 d5 2. Nf3 Nf6 3. c4 c6 4. e3 Bf5 5. Nc3 e6 6. Qb3 Qc7 7. Be2 Nbd7 8.
Bd2 Rc8 9. Rc1 Qb8 10. c5 Be7 11. Qd1 Ne4 12. b4 O-O 13. O-O Bf6 14. Be1 e5
15. Bd2 1/2-1/2

[Event "21st Heart of Finland"]
[Site "Jyvaskyla FIN"]
[Date "2011.07.11"]
[Round "1"]
[White "Pohjala,H"]
[Black "Kiik,K"]
[Result "1/2-1/2"]
[WhiteElo "2241"]
[BlackElo "2425"]
[EventDate "2011.07.11"]

1. d4 d5 2. Nf3 e6 3. e3 Nf6 4. c4 c5 5. cxd5 exd5 6. Bb5+ Nc6 7. O-O Bd6
8. dxc5 Bxc5 9. b3 O-O 10. Bb2 Bg4 11. Nc3 a6 12. Be2 Re8 13. Nd4 Bxd4 14.
Bxg4 Be5 15. Bf3 Qd6 16. g3 Rad8 17. Bg2 h5 18. Rc1 Qe6 19. Re1 h4 20. Na4
Ne4 21. Bxe5 Nxe5 22. Nc5 Qf5 23. f4 h3 24. Bf1 b6 25. Nd3 Nd7 26. g4 Qh7
27. Qf3 Nd2 28. Qf2 Nxf1 29. Qxf1 Nf6 30. Nf2 Qh4 31. g5 Ng4 32. Nxh3 Nxe3
33. Qf3 d4 34. Nf2 Re6 35. Re2 Qh7 36. Rce1 Qf5 37. Rd2 Nc4 38. Rde2 Rxe2
39. Qxe2 Ne3 40. Qf3 Rc8 41. Ne4 Qa5 42. Qg3 Nf5 43. Qf2 Kf8 44. Qd2 Qxd2
45. Nxd2 Rc2 46. Nc4 Rxa2 47. Nxb6 Ne3 48. Nc4 Nxc4 49. bxc4 Rc2 50. Ra1
Ke7 51. Kf1 d3 52. Ke1 Rxc4 53. Rxa6 Rxf4 54. g6 f5 55. Kd2 Rf3 56. h4 Rh3
57. Ra7+ Kf6 58. Ra6+ Ke5 59. Ra5+ Kf4 60. Ra4+ Kg3 61. Kxd3 Rxh4 62. Ra7
Rg4 63. Rxg7 f4 64. Ke2 Rg5 65. Kf1 f3 66. Re7 Rh5 67. Rh7 Ra5 68. Re7 Ra1+
69. Re1 Ra7 70. g7 Rxg7 71. Re8 1/2-1/2

[Event "21st Heart of Finland"]
[Site "Jyvaskyla FIN"]
[Date "2011.07.11"]
[Round "1"]
[White "Vorotnikov,V1"]
[Black "Tuomala,Ti"]
[Result "1/2-1/2"]
[WhiteElo "2422"]
[BlackElo "2240"]
[EventDate "2011.07.11"]

1. d4 e6 2. e4 d5 3. exd5 exd5 4. Nc3 Bb4 5. Bd3 Ne7 6. Nge2 Bg4 7. f3 Be6
8. a3 Bxc3+ 9. bxc3 c5 10. Nf4 c4 11. Nxe6 fxe6 12. Be2 O-O 13. O-O Nbc6
14. Bg5 Qc7 15. Qd2 h6 16. Be3 Rf6 17. Bf2 Nf5 18. g4 Nd6 19. Bg3 Qd7 20.
Rae1 Nf7 21. f4 Nd6 22. Bf3 Kh8 23. f5 exf5 24. Bxd5 Rg6 25. gxf5 Nxf5 26.
Rxf5 Qxf5 27. Be4 Qg5 28. Qxg5 Rxg5 29. Rb1 Re8 30. Bg2 Nd8 31. Rb4 b5 32.
d5 a6 33. a4 Nf7 34. Rxb5 Nd6 35. Rb4 Re3 36. Rb5 Nf7 37. Bf4 1/2-1/2

[Event "21st Heart of Finland"]
[Site "Jyvaskyla FIN"]
[Date "2011.07.11"]
[Round "1"]
[White "Johansson,Ju"]
[Black "Savola,L"]
[Result "1/2-1/2"]
[WhiteElo "2132"]
[BlackElo "2088"]
[EventDate "2011.07.11"]

1. d4 d5 2. c4 c6 3. Nf3 Nf6 4. e3 e6 5. b3 Nbd7 6. Bd3 b6 7. O-O Bb7 8.
Nbd2 Be7 9. Bb2 O-O 10. Ne5 c5 11. f4 Ne4 12. f5 cxd4 13. Nxd7 Qxd7 14.
cxd5 Nxd2 15. dxe6 fxe6 16. Qxd2 1/2-1/2

[Event "21st Heart of Finland"]
[Site "Jyvaskyla FIN"]
[Date "2011.07.11"]
[Round "1"]
[White "Jantti,P"]
[Black "Kauppala,P"]
[Result "1-0"]
[WhiteElo "2099"]
[BlackElo "2171"]
[EventDate "2011.07.11"]

1. d4 g6 2. Nf3 Bg7 3. c4 d6 4. g3 e5 5. Nc3 Nc6 6. Bg5 f6 7. Be3 Nh6 8. d5
Ne7 9. Bg2 O-O 10. O-O Nhf5 11. Bc1 c5 12. dxc6 bxc6 13. e4 Nh6 14. Qd3 Nf7
15. Rd1 a5 16. b3 a4 17. Nxa4 d5 18. cxd5 cxd5 19. exd5 e4 20. Qxe4 f5 21.
Qh4 Bxa1 22. Bg5 Nxg5 23. Nxg5 h5 24. Rxa1 Qd6 25. Qd4 f4 26. Ne4 Nf5 27.
Qc3 Qd8 28. Rd1 Ba6 29. Nac5 Rc8 30. Qb2 Qb6 31. Ne6 fxg3 32. hxg3 Rf7 33.
Nf6+ Rxf6 34. Qxf6 Kh7 35. Ng5+ 1-0

[Event "21st Heart of Finland"]
[Site "Jyvaskyla FIN"]
[Date "2011.07.11"]
[Round "1"]
[White "Ahvenjarvi,Jani"]
[Black "Alho,S"]
[Result "1/2-1/2"]
[WhiteElo "2092"]
[BlackElo "2160"]
[EventDate "2011.07.11"]

1. e4 d5 2. exd5 Qxd5 3. Nc3 Qa5 4. d4 Nf6 5. Nf3 c6 6. Bc4 Bf5 7. Qe2 e6
8. Bd2 Bb4 9. O-O-O Nbd7 10. a3 Bxc3 11. Bxc3 Qc7 12. Kb1 Nd5 13. Bd2 h6
14. Ne5 Nxe5 15. Qxe5 Qxe5 16. dxe5 O-O-O 17. Kc1 b6 18. Be2 Ne7 19. g4 Bg6
20. h4 c5 21. h5 Bh7 22. c4 Bd3 23. Rhe1 Bxe2 24. Rxe2 Rd4 25. f3 Rxc4+ 26.
Kb1 Rd8 27. Ree1 Rcd4 28. Kc2 Nc6 29. f4 Rd3 30. Re3 Rxe3 31. Bxe3 Rxd1 32.
Kxd1 Ne7 33. Kc2 g6 34. f5 exf5 35. g5 gxh5 36. gxh6 Ng6 37. h7 h4 38. Kd3
Nxe5+ 39. Ke2 Ng6 40. Bg5 Kd7 41. Bf6 Ke6 42. h8=Q Nxh8 43. Bxh8 f6 44. Bg7
b5 45. Bf8 Kd5 46. Kf3 a5 47. Be7 b4 48. axb4 cxb4 49. Bxf6 Kc4 50. Bxh4 a4
51. Kf4 a3 52. bxa3 bxa3 53. Kxf5 a2 54. Bf6 a1=Q 55. Bxa1 1/2-1/2

[Event "21st Heart of Finland"]
[Site "Jyvaskyla FIN"]
[Date "2011.07.11"]
[Round "1"]
[White "Reshetov,V"]
[Black "Raivio,Y"]
[Result "1-0"]
[WhiteElo "2121"]
[BlackElo "2076"]
[EventDate "2011.07.11"]

1. e4 c6 2. d4 d5 3. Nc3 dxe4 4. Nxe4 Bf5 5. Ng3 Bg6 6. Nf3 Nd7 7. Bd3 Bxd3
8. Qxd3 Ngf6 9. O-O e6 10. Bd2 Be7 11. c4 c5 12. d5 Nb6 13. Qe2 exd5 14.
Nf5 Kf8 15. Rfe1 Bd6 16. cxd5 Nbxd5 17. Rad1 Qb6 18. Bg5 Re8 19. Qd2 Rxe1+
20. Rxe1 Bc7 21. Bh6 Rg8 22. Nxg7 Rxg7 23. Qg5 Ne8 24. Qxd5 1-0

[Event "21st Heart of Finland"]
[Site "Jyvaskyla FIN"]
[Date "2011.07.12"]
[Round "2"]
[White "Mertanen,J"]
[Black "Sulskis,S"]
[Result "1/2-1/2"]
[WhiteElo "2333"]
[BlackElo "2591"]
[EventDate "2011.07.11"]

1. d4 d6 2. Nf3 Bg4 3. e3 Nf6 4. Be2 c6 5. c4 Nbd7 6. O-O e5 7. Nc3 Be7 8.
b3 O-O 9. Bb2 Re8 10. h3 Bf5 11. Nh4 Be6 12. Nf3 e4 13. Nd2 d5 14. f3 exf3
15. Bxf3 Nf8 16. e4 dxc4 17. Nxc4 Ng6 18. d5 Bc5+ 19. Kh1 Bd7 20. e5 Nxe5
21. Nxe5 Rxe5 22. Na4 Bd6 23. dxc6 Bxc6 24. Bxc6 bxc6 25. Bxe5 Bxe5 26.
Qxd8+ Rxd8 27. Rad1 Nd5 28. Rc1 f6 29. Rfd1 Rb8 30. Rxc6 Nb4 31. Re6 Kf7
32. Nc5 Rc8 33. Rd7+ Kg6 34. Rxe5 fxe5 35. Ne4 Nxa2 36. Rxa7 1/2-1/2

[Event "21st Heart of Finland"]
[Site "Jyvaskyla FIN"]
[Date "2011.07.12"]
[Round "2"]
[White "Pudas,T"]
[Black "Nyysti,S"]
[Result "1/2-1/2"]
[WhiteElo "2228"]
[BlackElo "2348"]
[EventDate "2011.07.11"]

1. e4 e5 2. Nf3 Nc6 3. Bc4 Bc5 4. O-O Nf6 5. d3 d6 6. c3 a6 7. d4 Ba7 8.
dxe5 dxe5 9. Qxd8+ Nxd8 10. Nxe5 Nxe4 11. Nd2 Nd6 12. Bb3 O-O 13. Ndc4 Nxc4
14. Nxc4 Ne6 15. Be3 Nc5 16. Bc2 Be6 17. Ne5 f6 18. Nf3 Rfd8 19. Nd4 Bf7
20. Rfe1 Bb6 21. Nf5 a5 22. Ne7+ Kh8 23. Bd4 Nd7 24. Rad1 Bxd4 25. Rxd4 Nf8
26. Nf5 Rxd4 27. Nxd4 Re8 28. Rxe8 Bxe8 29. b4 axb4 30. cxb4 Bf7 31. a4 Nd7
32. Nb5 c5 33. Bf5 Nb6 34. Nd6 Bd5 35. a5 Na4 36. Bd7 Nb2 37. bxc5 Nd3 38.
Nxb7 Bxb7 39. c6 Ba6 40. c7 Nb4 41. c8=Q+ Bxc8 42. Bxc8 Nc6 43. a6 Kg8 44.
Kf1 Kf7 45. Bb7 Na7 46. Ke2 1/2-1/2

[Event "21st Heart of Finland"]
[Site "Jyvaskyla FIN"]
[Date "2011.07.12"]
[Round "2"]
[White "Kiik,K"]
[Black "Jarvenpaa,J"]
[Result "0-1"]
[WhiteElo "2425"]
[BlackElo "2214"]
[EventDate "2011.07.11"]

1. e4 e6 2. d3 c5 3. Nf3 Nc6 4. g3 Nge7 5. Bg2 Ng6 6. h4 d6 7. h5 Nge5 8.
Nxe5 dxe5 9. Nd2 Rb8 10. a4 a6 11. O-O g5 12. Nc4 b5 13. axb5 axb5 14. Ne3
Bb7 15. Ng4 Be7 16. f4 gxf4 17. gxf4 exf4 18. Bxf4 Ra8 19. Rxa8 Bxa8 20. c3
Rg8 21. Qe2 Bb7 22. Kh1 Qd7 23. Bh2 Bg5 24. Qf2 f5 25. exf5 exf5 26. Ne3
Bxe3 27. Qxe3+ Ne7 28. Bf3 Bxf3+ 29. Qxf3 Kf7 30. Re1 Rd8 31. Re3 Qd5 32.
Kg2 Rg8+ 33. Kf2 Rd8 34. Bg3 Qxf3+ 35. Kxf3 Nd5 36. Re5 Kf6 37. Re1 Kg5 38.
Rh1 Re8 39. Bf2 c4 40. dxc4 bxc4 41. Rd1 Nf6 42. Rd6 Ng4 43. Bd4 Nh2+ 44.
Kg3 Re2 45. Rb6 f4+ 46. Kh3 f3 47. Rb8 Nf1 0-1

[Event "21st Heart of Finland"]
[Site "Jyvaskyla FIN"]
[Date "2011.07.12"]
[Round "2"]
[White "Kivipelto,KE"]
[Black "Kanep,M"]
[Result "1/2-1/2"]
[WhiteElo "2190"]
[BlackElo "2531"]
[EventDate "2011.07.11"]

1. e4 c5 2. Nf3 Nc6 3. d4 cxd4 4. Nxd4 Qb6 5. Nb3 Nf6 6. Nc3 e6 7. Be3 Qc7
8. Bd3 Be7 9. f4 d6 10. Qf3 a6 11. O-O O-O 12. g4 b5 13. g5 Nd7 14. Rae1
Re8 15. Nd4 Nxd4 16. Bxd4 Bb7 17. f5 Ne5 18. Qg3 b4 19. Ne2 exf5 20. Rxf5
g6 21. Rf2 Bf8 22. Ref1 Bg7 23. Rf6 Re7 24. Qf4 Rae8 25. Bxe5 dxe5 26. Qh4
Bxf6 27. gxf6 Re6 28. Rf2 Qc6 29. Ng3 Kh8 30. Qg5 a5 31. Nh5 Rg8 32. Ng7
Rxg7 33. fxg7+ Kxg7 34. Qd8 Qb6 35. Qxb6 Rxb6 36. Bc4 Rf6 37. Re2 Rf4 38.
Bd3 Kf6 1/2-1/2

[Event "21st Heart of Finland"]
[Site "Jyvaskyla FIN"]
[Date "2011.07.12"]
[Round "2"]
[White "Porrasmaa,T"]
[Black "Agopov,M"]
[Result "0-1"]
[WhiteElo "2121"]
[BlackElo "2443"]
[EventDate "2011.07.11"]

1. d4 Nf6 2. Nf3 g6 3. c4 Bg7 4. Nc3 d5 5. e3 O-O 6. cxd5 Nxd5 7. Bc4 Nb6
8. Bb3 Na6 9. O-O c5 10. h3 Bf5 11. a3 Qc7 12. e4 cxd4 13. Nxd4 Bd7 14. Bg5
Nc5 15. Ba2 Ba4 16. Nxa4 Ncxa4 17. Rc1 Qe5 18. Be3 Rad8 19. b3 Qxe4 20. Bb1
Qd5 21. bxa4 Bxd4 22. a5 Bxe3 23. fxe3 Qxa5 24. Qb3 Qe5 25. Ba2 e6 26. Rf3
Rd2 27. Rc2 Rd1+ 28. Rf1 Rxf1+ 29. Kxf1 Rd8 30. Rc1 Rd2 0-1

[Event "21st Heart of Finland"]
[Site "Jyvaskyla FIN"]
[Date "2011.07.12"]
[Round "2"]
[White "Anttila,P"]
[Black "Vorotnikov,V1"]
[Result "0-1"]
[WhiteElo "2109"]
[BlackElo "2422"]
[EventDate "2011.07.11"]

1. e4 e5 2. Bc4 d6 3. f4 exf4 4. Nf3 h6 5. Qe2 g5 6. Nc3 Nc6 7. e5 dxe5 8.
d4 Bg7 9. d5 Nce7 10. Nxe5 Qd6 11. Nd3 Nf6 12. Nb5 Qd8 13. Nxf4 a6 14. Nc3
gxf4 15. O-O O-O 16. Bxf4 Nexd5 17. Bd2 c6 18. Qf3 Qb6+ 19. Kh1 Qd4 20.
Nxd5 Nxd5 21. Bd3 Qg4 22. Qf2 Be6 23. Rae1 Bd4 24. Qf3 Qxf3 25. Rxf3 Bg7
26. Rg3 Kh8 27. c4 Ne7 28. Rxg7 Kxg7 29. Bc3+ Kg8 30. Re3 Nf5 31. Re4 Rfd8
32. Rg4+ Kf8 0-1

[Event "21st Heart of Finland"]
[Site "Jyvaskyla FIN"]
[Date "2011.07.12"]
[Round "2"]
[White "Lauk,U"]
[Black "Miednikova,S"]
[Result "1-0"]
[WhiteElo "2403"]
[BlackElo "2174"]
[EventDate "2011.07.11"]

1. e4 e5 2. Nf3 Nc6 3. Bb5 a6 4. Ba4 d6 5. Bxc6+ bxc6 6. d4 f6 7. Nc3 Ne7
8. Be3 Ng6 9. Qd2 Be7 10. h4 O-O 11. h5 Nh8 12. Nh4 Rb8 13. O-O-O Bg4 14.
h6 g5 15. f3 Be6 16. Nf5 Ng6 17. g3 Qd7 18. Nxe7+ Qxe7 19. f4 exf4 20. gxf4
gxf4 21. Bxf4 Qf7 22. Kb1 f5 23. e5 Rfd8 24. Rhg1 Kf8 25. Qh2 Ke8 26. exd6
cxd6 27. Bxd6 Rb7 28. Ba3 f4 29. Ne4 Bxa2+ 30. Ka1 Kd7 31. Nd6 1-0

[Event "21st Heart of Finland"]
[Site "Jyvaskyla FIN"]
[Date "2011.07.12"]
[Round "2"]
[White "Kiuttu,R"]
[Black "Grinberg,I"]
[Result "1-0"]
[WhiteElo "2283"]
[BlackElo "2228"]
[EventDate "2011.07.11"]

1. e4 e5 2. Bc4 Nf6 3. d3 Nc6 4. Nf3 Be7 5. O-O d6 6. a4 O-O 7. Re1 Bg4 8.
h3 Bh5 9. c3 Qd7 10. Nbd2 Rad8 11. Nf1 Bxf3 12. Qxf3 d5 13. exd5 Nxd5 14.
a5 a6 15. Bd2 Kh8 16. b4 Bf6 17. Ng3 Nce7 18. Ne4 Qc6 19. Nxf6 Qxf6 20. Qe4
c6 21. Qxe5 Qxe5 22. Rxe5 Ng6 23. Re4 f6 24. d4 f5 25. Re2 h6 26. g3 Rd7
27. Rae1 Nf6 28. Be6 1-0

[Event "21st Heart of Finland"]
[Site "Jyvaskyla FIN"]
[Date "2011.07.12"]
[Round "2"]
[White "Valli,F"]
[Black "Reshetov,V"]
[Result "1-0"]
[WhiteElo "2242"]
[BlackElo "2121"]
[EventDate "2011.07.11"]

1. e4 e5 2. Nf3 d6 3. d4 exd4 4. Nxd4 Nf6 5. Nc3 Be7 6. Bf4 O-O 7. Qd2 a6
8. O-O-O b5 9. f3 c5 10. Nf5 Bxf5 11. exf5 Qa5 12. Nd5 Qxd2+ 13. Rxd2 Nxd5
14. Rxd5 Nc6 15. c3 c4 16. Be2 Rfe8 17. Rhd1 Bf8 18. R5d2 d5 19. Bf1 d4 20.
cxd4 Bb4 21. Re2 Rxe2 22. Bxe2 f6 23. a3 Bf8 24. d5 Ne5 25. Be3 Bd6 26. f4
Nd7 27. Bf3 Rc8 28. Kc2 Nc5 29. Bxc5 Rxc5 30. g3 Rc7 31. Re1 Re7 32. Re6
Rxe6 33. fxe6 a5 34. Kc3 b4+ 35. axb4 Bxb4+ 36. Kxc4 Kf8 37. Be4 h6 38. b3
Ke7 39. Kd4 Ba3 40. Bh7 Bb2+ 41. Ke4 Ba3 42. Kf5 Bb4 43. Bg6 Ba3 44. Bh5
Bb4 45. Kg6 Kf8 46. Be2 Ba3 47. Bb5 Bb4 48. Be2 Ba3 49. Bh5 Bb4 50. e7+
Bxe7 51. Kf5 Bc5 52. Ke6 Bg1 53. d6 Bb6 54. Bg6 Bc5 55. Kd5 Bb6 56. Kc6 Bd8
57. f5 1-0

[Event "21st Heart of Finland"]
[Site "Jyvaskyla FIN"]
[Date "2011.07.12"]
[Round "2"]
[White "Immonen,V"]
[Black "Pohjala,H"]
[Result "1/2-1/2"]
[WhiteElo "2108"]
[BlackElo "2241"]
[EventDate "2011.07.11"]

1. e4 e5 2. Nf3 d6 3. d4 Nd7 4. Bc4 c6 5. Nc3 Be7 6. O-O Ngf6 7. dxe5 dxe5
8. Ng5 O-O 9. f4 b5 10. Bb3 b4 11. Na4 Ba6 12. Rf3 h6 13. Nh3 Qa5 14. c3
Rad8 15. Qc2 c5 16. Bd5 Nxd5 17. exd5 e4 18. Qxe4 Qxa4 19. b3 Qa5 20. Qxe7
Rfe8 21. Qh4 bxc3 22. f5 Ne5 23. Bxh6 Nxf3+ 24. gxf3 Qb4 25. Bf4 c2 26. Ng5
Qd4+ 27. Kg2 Qxa1 28. Qh7+ Kf8 29. Ne6+ Ke7 30. Qh4+ Qf6 31. d6+ Rxd6 32.
Bxd6+ Kxd6 33. Qa4 Rxe6 1/2-1/2

[Event "21st Heart of Finland"]
[Site "Jyvaskyla FIN"]
[Date "2011.07.12"]
[Round "2"]
[White "Kuzevanova,E"]
[Black "Rantanen,Y"]
[Result "0-1"]
[WhiteElo "2096"]
[BlackElo "2382"]
[EventDate "2011.07.11"]

1. e4 c5 2. Nf3 d6 3. d4 cxd4 4. Qxd4 a6 5. c4 Nc6 6. Qd2 g6 7. b3 Nf6 8.
Nc3 Bg7 9. Bb2 O-O 10. Be2 Qa5 11. Rb1 b5 12. cxb5 axb5 13. Bxb5 Nxe4 14.
Nxe4 Qxb5 15. Bxg7 Kxg7 16. a4 Qf5 17. Qb2+ Kg8 18. Ng3 Qd3 19. Rd1 Nb4 20.
Rd2 Bb7 21. Ne2 Bxf3 22. gxf3 Qxf3 23. O-O Nd3 24. Qb1 Ne5 25. Nd4 Qf4 26.
Rfd1 Rfc8 27. Re2 Ng4 28. f3 Ne3 29. Rde1 Qg5+ 30. Kh1 Nd5 31. Rg2 Qf6 32.
Qe4 e6 33. Nb5 Ra6 34. Rd2 Rb6 35. Qg4 Rbc6 36. Red1 Ne3 37. Qe4 Nxd1 38.
Rxd1 Rc1 39. Qd3 Rxd1+ 40. Qxd1 Qb2 0-1

[Event "21st Heart of Finland"]
[Site "Jyvaskyla FIN"]
[Date "2011.07.12"]
[Round "2"]
[White "Yrjola,J"]
[Black "Lonnqvist,H"]
[Result "1-0"]
[WhiteElo "2366"]
[BlackElo "2108"]
[EventDate "2011.07.11"]

1. d4 Nf6 2. c4 c5 3. d5 e6 4. Nc3 exd5 5. cxd5 d6 6. e4 g6 7. f4 Bg7 8.
Bb5+ Nfd7 9. a4 Qh4+ 10. g3 Qe7 11. Nf3 O-O 12. O-O a6 13. Bd3 Nf6 14. Kg2
Bg4 15. h3 Bxf3+ 16. Qxf3 Qc7 17. Bc4 Nbd7 18. Bd2 Nb6 19. b3 Nxc4 20. bxc4
Rfe8 21. Rab1 Re7 22. e5 Ne8 23. Ne4 dxe5 24. f5 gxf5 25. Qxf5 Nd6 26. Nxd6
Qxd6 27. Bg5 Rc7 28. Bf6 Bxf6 29. Qxf6 Qxf6 30. Rxf6 Rd8 31. Kf3 Kg7 32.
Rbb6 Re7 33. Ke4 Rde8 34. Rf5 Kf8 35. a5 Kg7 36. g4 Kf8 37. d6 Rd7 38. Rxe5
Re6 39. Rxe6 fxe6 40. Ke5 Kf7 41. Rb3 1-0

[Event "21st Heart of Finland"]
[Site "Jyvaskyla FIN"]
[Date "2011.07.12"]
[Round "2"]
[White "Savola,L"]
[Black "Kiltti,J"]
[Result "0-1"]
[WhiteElo "2088"]
[BlackElo "2254"]
[EventDate "2011.07.11"]

1. d4 Nf6 2. Nf3 c5 3. d5 b5 4. c4 bxc4 5. Nc3 d6 6. e4 e5 7. Nd2 Be7 8.
Bxc4 O-O 9. O-O Nfd7 10. Bb5 a6 11. Bd3 Nb6 12. a4 a5 13. Nb5 Na6 14. f4
exf4 15. Nf3 c4 16. Bb1 f5 17. Nbd4 fxe4 18. Bxe4 Nb4 19. Ra3 Bd7 20. Ne2
Bf5 21. Bxf5 Rxf5 22. Nfd4 Rxd5 23. Nxf4 Re5 24. Rg3 Bf6 25. Nh5 Rxh5 26.
Qxh5 0-1

[Event "21st Heart of Finland"]
[Site "Jyvaskyla FIN"]
[Date "2011.07.12"]
[Round "2"]
[White "Franssila,T"]
[Black "Ahvenjarvi,Jani"]
[Result "1-0"]
[WhiteElo "2213"]
[BlackElo "2092"]
[EventDate "2011.07.11"]

1. d4 d5 2. c4 c6 3. Nf3 Nf6 4. e3 a6 5. Bd2 e6 6. Qc2 Nbd7 7. Nc3 Be7 8.
e4 Nxe4 9. Nxe4 dxe4 10. Qxe4 Nf6 11. Qh4 Qb6 12. Bd3 Qxb2 13. O-O Qa3 14.
Bc2 O-O 15. Bg5 Re8 16. c5 b6 17. Bxh7+ Kf8 18. Be4 Bb7 19. Qh8+ Ng8 20.
Bh7 1-0